Die Zauberflöte / (Record no. 196093)

MARC details
000 -LEADER
campo de control de longitud fija 03607njm a2200709 i 4500
001 - NÚMERO DE CONTROL
campo de control 196093
003 - IDENTIFICADOR DE NÚMERO DE CONTROL
campo de control ES-MaACL
005 - FECHA Y HORA DE LA ÚLTIMA TRANSACCIÓN
campo de control 20250904042255.0
007 - CAMPO FIJO DE DESCRIPCIÓN FÍSICA--INFORMACIÓN GENERAL
campo de control de longitud fija sd*fsngnnmmned
008 - DATOS DE LONGITUD FIJA--INFORMACIÓN GENERAL
campo de control de longitud fija 240209s2006 sp opn d / ger
015 ## - NÚMERO DE BIBLIOGRAFÍA NACIONAL
Número de bibliografía nacional SON06
017 ## - NÚMERO DE COPYRIGHT O DE DEPÓSITO LEGAL
Número de copyright o de depósito legal M 48046-2006
Agencia que asigna Oficina Depósito Legal Madrid
020 ## - NÚMERO INTERNACIONAL ESTÁNDAR DEL LIBRO
Número Internacional Estándar del Libro 9788496832107
035 ## - NÚMERO DE CONTROL DEL SISTEMA
Número de control de sistema (OCoLC)431146417
035 ## - NÚMERO DE CONTROL DEL SISTEMA
Número de control de sistema (SpMaBN)a4555175
040 ## - FUENTE DE CATALOGACIÓN
Centro catalogador/agencia de origen SpMaBN
Lengua de catalogación spa
Centro/agencia transcriptor SpMaBN
Normas de descripción rdc
100 1# - ENTRADA PRINCIPAL--NOMBRE DE PERSONA
Nombre de persona Mozart, Wolfgang Amadeus,
Fechas asociadas al nombre 1756-1791
9 (RLIN) 240565
Término indicativo de función/relación Compositor
240 14 - TÍTULO UNIFORME
Título uniforme Die Zauberflöte
245 14 - MENCIÓN DEL TÍTULO
Título Die Zauberflöte /
Mención de responsabilidad, etc. Mozart ; libreto de Emanuel Schikaneder
Medio [Grabación sonora]
260 ## - PUBLICACIÓN, DISTRIBUCIÓN, ETC.
Lugar de publicación, distribución, etc. Madrid :
Nombre del editor, distribuidor, etc. Prisa Innova,
Fecha de publicación, distribución, etc. D.L. 2006
264 ## - PRODUCCIÓN, PUBLICACIÓN, DISTRIBUCIÓN, FABRICACIÓN Y COPYRIGHT
Producción, publicación, distribución, fabricación y copyright ©2007
300 ## - DESCRIPCIÓN FÍSICA
Extensión 2 discos (CD Audio) +
Material acompañante/anejo 1 libro (108 páginas)
336 ## - TIPO DE CONTENIDO
Fuente rdacontent
Término de tipo de contenido música (interpretada)
337 ## - TIPO DE MEDIO
Fuente rdamedia
Nombre/término del tipo de medio audio
338 ## - TIPO DE SOPORTE
Fuente rdacarrier
Nombre/término del tipo de soporte volumen
490 1# - MENCIÓN DE SERIE
Mención de serie Los clásicos de la ópera, 400 años ;
Designación de volumen o secuencia 15
500 ## - NOTA GENERAL
Nota general Remasterizado
511 1# - NOTA DE PARTICIPANTES O INTÉRPRETES
Nota de participantes o intérpretes Anton Dermota, Irmgard Seefried, Erich Kunz, Wilma Lipp, Ludwig Weber, George London, Sena Jurinac, Friedl Rieger, Else Schürhoff, Emmy Loose ; Coro de la Sociedad de Amigos de la Música de Viena ; Orquesta Filarmónica de Viena ; Herbert von Karajan, director musical.
518 ## - NOTA DE FECHA/HORA Y LUGAR DE UN ACONTECIMIENTO
Nota de fecha/hora y lugar de un acontecimiento Grabado en Viena en 1950
520 ## - RESUMEN, ETC.
Sumario, etc. Lo primero que se plantea en una ópera tan singular como Die Zauberflöte (La flauta mágica) es dar con su auténtica significación. Posee en principio un carácter localista, centrado en la tradición germánica de la ópera popular o singspiel, aunque parece suficientemente probado que sus autores quisieron decir una serie de cosas importantes, surgidas en torno a la Ilustración y la francmasonería. Lo milagroso es cómo Mozart logró la unidad dentro de la diversidad, para que emerja lo que es el centro vital de la ópera: el amor purificador de la pareja protagonista.
650 #7 - PUNTO DE ACCESO ADICIONAL DE MATERIA--TÉRMINO DE MATERIA
Término de materia o nombre geográfico como elemento de entrada Óperas-
9 (RLIN) 137584
Subdivisión de forma Libretos
655 #7 - TERMINO DE INDIZACIÓN--GENERO/FORMA
Datos o término principal de género/forma Libretos
Fuente del término
9 (RLIN) 242219
700 1# - ENTRADA AGREGADA--NOMBRE PERSONAL
Nombre de persona Schikaneder, Emanuel,
Fechas asociadas al nombre 1751-1812-
Título de la obra Die Zauberflöte-
Lenguaje de la obra Español-Alemán
9 (RLIN) 238151
Término indicativo de función/relación Libretista
700 1# - ENTRADA AGREGADA--NOMBRE PERSONAL
Nombre de persona Dermota, Anton,
Fechas asociadas al nombre 1910-1989
9 (RLIN) 238145
Término indicativo de función/relación Intérprete
700 1# - ENTRADA AGREGADA--NOMBRE PERSONAL
Nombre de persona Seefried, Irmgard,
Fechas asociadas al nombre 1919-1988
9 (RLIN) 238152
Término indicativo de función/relación Intérprete
700 1# - ENTRADA AGREGADA--NOMBRE PERSONAL
Nombre de persona Kunz, Erich,
Fechas asociadas al nombre 1909-1995
9 (RLIN) 238153
Término indicativo de función/relación Intérprete
700 1# - ENTRADA AGREGADA--NOMBRE PERSONAL
Nombre de persona Lipp, Wilma,
Fechas asociadas al nombre 1925-2019
9 (RLIN) 238154
Término indicativo de función/relación Intérprete
700 1# - ENTRADA AGREGADA--NOMBRE PERSONAL
Nombre de persona Weber, Ludwig,
Fechas asociadas al nombre 1899-1979
9 (RLIN) 238155
Término indicativo de función/relación Intérprete
700 1# - ENTRADA AGREGADA--NOMBRE PERSONAL
Nombre de persona London, George,
Fechas asociadas al nombre 1919-1985
9 (RLIN) 238156
Término indicativo de función/relación Intérprete
700 1# - ENTRADA AGREGADA--NOMBRE PERSONAL
Nombre de persona Jurinac, Sena,
Fechas asociadas al nombre 1921-2011
9 (RLIN) 237853
Término indicativo de función/relación Intérprete
700 1# - ENTRADA AGREGADA--NOMBRE PERSONAL
Nombre de persona Rieger, Friedl
9 (RLIN) 238157
Término indicativo de función/relación Intérprete
700 1# - ENTRADA AGREGADA--NOMBRE PERSONAL
Nombre de persona Schürhoff, Else
9 (RLIN) 238121
Término indicativo de función/relación Intérprete
700 1# - ENTRADA AGREGADA--NOMBRE PERSONAL
Nombre de persona Loose, Emmy,
Fechas asociadas al nombre 1914-1987
9 (RLIN) 238158
Término indicativo de función/relación Intérprete
700 1# - ENTRADA AGREGADA--NOMBRE PERSONAL
Nombre de persona Klein, Peter
Término indicativo de función/relación Intérprete
9 (RLIN) 240570
700 1# - ENTRADA AGREGADA--NOMBRE PERSONAL
Nombre de persona Majkut, Erich
Término indicativo de función/relación Intérprete
9 (RLIN) 240571
700 1# - ENTRADA AGREGADA--NOMBRE PERSONAL
Nombre de persona Pantscheff, Liubomir
Término indicativo de función/relación Intérprete
9 (RLIN) 240572
700 1# - ENTRADA AGREGADA--NOMBRE PERSONAL
Nombre de persona Majkut, Erich
Término indicativo de función/relación Intérprete
9 (RLIN) 240571
700 1# - ENTRADA AGREGADA--NOMBRE PERSONAL
Nombre de persona Pröglhöf, Harald
9 (RLIN) 240561
Término indicativo de función/relación Intérprete
700 1# - ENTRADA AGREGADA--NOMBRE PERSONAL
Nombre de persona Steinmassl, Hermine
Término indicativo de función/relación Intérprete
9 (RLIN) 240573
700 1# - ENTRADA AGREGADA--NOMBRE PERSONAL
Nombre de persona Dörpinghans, Eleonore
Término indicativo de función/relación Intérprete
9 (RLIN) 240574
700 1# - ENTRADA AGREGADA--NOMBRE PERSONAL
Nombre de persona Stükl, Annelies
Término indicativo de función/relación Intérprete
9 (RLIN) 240575
700 1# - ENTRADA AGREGADA--NOMBRE PERSONAL
Nombre de persona Karajan, Herbert von,
Fechas asociadas al nombre 1908-1989
9 (RLIN) 235581
Término indicativo de función/relación Director musical
710 2# - ENTRADA AGREGADA--NOMBRE DE ENTIDAD CORPORATIVA
Nombre de entidad corporativa o nombre de jurisdicción como elemento de entrada Wiener Singverein
9 (RLIN) 238159
710 2# - ENTRADA AGREGADA--NOMBRE DE ENTIDAD CORPORATIVA
Nombre de entidad corporativa o nombre de jurisdicción como elemento de entrada Wiener Philharmoniker
9 (RLIN) 239273
852 ## - LOCALIZACIÓN
Ubicación ES-MaACL
Sublocalización o colección R.155028
Ubicación en estantería Depósito J
Número de control de estantería N-9810
Donativo/Legado Donación: Miren Fernández
Encuadernación Encuadernación cartoné
Designación de la unidad física Volumen 15
itemnumber 205622
903 ## - NOMBRE PERSONAL DE DONANTE
a Fernández, Miren
e Donante
942 ## - ELEMENTOS DE ENTRADA SECUNDARIOS (KOHA)
Tipo de ítem Koha Libro impreso
Suprimir en OPAC No
Holdings
Estatus retirado Estado de pérdida Fuente del sistema de clasificación o colocación Estado de daño No para préstamo Biblioteca de origen Biblioteca actual Ubicación en estantería Fecha de adquisición Fuente de adquisición Total de préstamos Signatura topográfica completa Código de barras Visto por última vez Precio de reemplazo Tipo de ítem Koha
    Clasificación decimal universal     Biblioteca del Ateneo de Madrid Biblioteca del Ateneo de Madrid Depósito J 20/05/2025 Donación   N-9810 101230115 20/05/2025 20/05/2025 Libro impreso